Statistics for Atlanta Hawks: Retired Numbers

Click here to take the quiz!

General Stats

  • This quiz has been taken 107 times
  • The average score is 4 of 7

Answer Stats

NumberPlayer% Correct
21Dominique Wilkins
99%
9Bob Pettit
89%
55Dikembe Mutombo
81%
44Pete Maravich
70%
23Lou Hudson
54%
Ted Turner
11%
40Jason Collier
10%

Score Distribution

Percentile by Number Answered

Percent of People with Each Score

Your Score History

You have not taken this quiz